Regards sur la victime
| Medienart: | Druck Buch |
|---|---|
| Sprache: | Französisch |
| Veröffentlicht: |
Montréal
Pr. de l'Univ.
1980
|
| In: |
Criminologie (13,1)
Jahr: 1980 |
| Bestand in Tübingen: | In Tübingen vorhanden. UB: ZA 2951-12/13 |
| Verfügbarkeit prüfen: | HBZ Gateway |
| Subito Bestelldienst: | Jetzt bestellen. |
| Schlagwörter: |
MARC
| LEADER | 00000cam a22000002c 4500 | ||
|---|---|---|---|
| 001 | 1090477937 | ||
| 003 | DE-627 | ||
| 005 | 20220514122917.0 | ||
| 007 | tu | ||
| 008 | 900517s1980 xx ||||| 00| ||fre c | ||
| 035 | |a (DE-627)1090477937 | ||
| 035 | |a (DE-576)020477937 | ||
| 035 | |a (DE-599)BSZ020477937 | ||
| 035 | |a (OCoLC)311243252 | ||
| 040 | |a DE-627 |b ger |c DE-627 |e rakwb | ||
| 041 | |a fre | ||
| 245 | 0 | 0 | |a Regards sur la victime |
| 264 | 1 | |a Montréal |b Pr. de l'Univ. |c 1980 | |
| 300 | |a 111 S. | ||
| 336 | |a Text |b txt |2 rdacontent | ||
| 337 | |a ohne Hilfsmittel zu benutzen |b n |2 rdamedia | ||
| 338 | |a Band |b nc |2 rdacarrier | ||
| 490 | 1 | |a Criminologie |v 13,1 | |
| 583 | 1 | |a Archivierung prüfen |c 20200919 |f DE-640 |z 1 |2 pdager | |
| 655 | 7 | |a Aufsatzsammlung |0 (DE-588)4143413-4 |0 (DE-627)105605727 |0 (DE-576)209726091 |2 gnd-content | |
| 830 | 0 | |a Criminologie |v 13,1 |9 13,1 |w (DE-627)129889520 |w (DE-576)01519616X |w (DE-600)302271-7 |x 0316-0041 |7 am | |
| 951 | |a BO | ||
| ELC | |b 1 | ||
| LOK | |0 000 xxxxxcx a22 zn 4500 | ||
| LOK | |0 001 214497098X | ||
| LOK | |0 003 DE-627 | ||
| LOK | |0 004 1090477937 | ||
| LOK | |0 005 20091118101406 | ||
| LOK | |0 008 900517||||||||||||||||ger||||||| | ||
| LOK | |0 040 |a DE-21 |c DE-627 |d DE-21 | ||
| LOK | |0 852 |a DE-21 | ||
| LOK | |0 852 1 |c ZA 2951-12/13 |9 00 | ||
| LOK | |0 935 |a krim | ||
| LOK | |0 936ln |0 1289066361 |a 8.9.1 | ||
| LOK | |0 939 |a 17-05-90 |b l01 | ||
| ORI | |a SA-MARC-krimdoka001.raw | ||
| SIG | |a UB: ZA 2951-12/13 | ||
